| 000 | nam a22 7a 4500 | ||
|---|---|---|---|
| 999 |
_c127568 _d127568 |
||
| 008 | 180301b xxu||||| |||| 00| 0 eng d | ||
| 020 | _a0253318327 | ||
| 050 | _aGR357.3.H4813 | ||
| 100 |
_aHeusch, Luc De _938276 |
||
| 245 |
_aThe drunken king or the origin of the state _cLuc de Heusch |
||
| 260 |
_aBloomington _bIndiana University Press _c1982 |
||
| 300 |
_axiv, 269p, ; _c24cm. |
||
| 650 |
_aLegends _zAfrica, Central _938277 |
||
| 650 |
_aBantus _xFolklore _938280 |
||
| 650 |
_aBantus _xReligion _939973 |
||
| 650 |
_aMythology, African _938009 |
||
| 650 |
_aStructural anthropology _926754 |
||
| 650 |
_aBantus _xRites and ceremonies _938278 |
||
| 942 |
_2lcc _cMONOGRAPH |
||